Haryana tatha Punjab ki sangeet parampara (Record no. 5873)

MARC details
000 -LEADER
fixed length control field 00470nam a2200169Ia 4500
008 - FIXED-LENGTH DATA ELEMENTS--GENERAL INFORMATION
fixed length control field 230917s9999||||xx |||||||||||||| ||und||
020 ## - ISBN
Price RS 1700.00
040 ## - CATALOGING SOURCE
-- 5006429
Original cataloging agency VIVEKANANDA LIBRARY
041 ## - Language
-- English
082 ## - DDC NUMBER
Classification number 784.40954558 D536H
100 ## - MAIN ENTRY--PERSONAL NAME
Personal name Dhankar, Reeta
245 #0 - TITLE STATEMENT
Title Haryana tatha Punjab ki sangeet parampara
260 ## - PUBLICATION, DISTRIBUTION, ETC. (IMPRINT)
Place of publication, distribution, etc Delhi
Name of publisher, distributor, etc Sanjay Prakashan
Date of publication, distribution, etc 2022
300 ## - PHYSICAL DESCRIPTION
Pages xiv, 405 p.
500 ## - GENERAL NOTE
General note 4584 17/10/2022 HBD22/9432 19/10/2022 Main Budget
942 ## - ADDED ENTRY ELEMENTS (KOHA)
Koha item type Books
Holdings
Withdrawn status Lost status Damaged status Not for loan Location (home branch) Sublocation or collection (holding branch) Date acquired Koha issues (times borrowed) Koha full call number Accession No. Koha date last seen Koha item type
        VIVEKANANDA LIBRARY VIVEKANANDA LIBRARY 03/11/2022   784.40954558 D536H 401202 17/09/2023 Books
        VIVEKANANDA LIBRARY VIVEKANANDA LIBRARY 03/11/2022 1 784.40954558 D536H 401203 20/12/2023 Books
© Designed and Maintained by Vivekananda Library, MDU Rohtak